Gebiete des Vereinigten Königreichs - Sudden Death - Statistiken

Allgemein
  • Dieses Quiz wurde 178 mal gespielt
  • Das Durchschnittsergebnis liegt bei 7 aus 15
Answers on the Grid
Answers color-coded by a green-red scale on the quiz's grid according to % correct below.
Wales
Schottland
England
Nordirland
Irland
Jersey
Guernsey
Isle of Man
Bermuda
Falklandinseln
Gibraltar
Montserrat
Südgeorgien
Tristan da Cunha
Akrotiri
St. Helena
New Jersey
Malta
Hongkong
Arbua
Bonaire
Guadeloupe
Barbados
Neufundland
Delaware
Antarktis
Guyana
Fidschi
Santorin
Tory Island
 
Antwortstatistiken
Antwort % Korrekt
Wales
81%
England
71%
Schottland
69%
Gibraltar
68%
Nordirland
67%
Isle of Man
64%
Jersey
51%
Guernsey
50%
Falklandinseln
44%
Bermuda
36%
St. Helena
36%
Südgeorgien
26%
Montserrat
17%
Tristan da Cunha
10%
Akrotiri
7%
Keine übereinstimmenden Quizze gefunden
Verteilung der Resultate
Anzahl Personen mit jedem Resultat
Perzentil nach korrekt beantworteten Fragen
Ihre Resultats-Entwicklung
Sie haben dieses Quiz noch nicht gespielt